00690nam a2200241 a 4500001001300000003000900013005001700022008004100039020001000080082001900090100002900109245002500138260003500163300000900198500003500207505001000242650001800252700002900270902000800299942000700307952011900314999001500433nice12345678IN_TiNIC20260116012117.0050524s0000 newa grp 000 0 eng  ac10000a280.40942bGAR aGarrison, Winfred Ernest aProtestant Manifesto aNew YorkbAbingdon Pressc0000 a207p aincludes index and biblioraphy2 aIndex aProtestantism1 aGarrison, Winfred Ernest bSRS cBK 001040708StackRoom-aHMIbHMId2007-07-19g100.00l0o280.40942 GARp08457r2007-07-19v100.00w2005-05-24yBK c5680d5680